| 000 | 00497nam a2200193 a 4500 | ||
|---|---|---|---|
| 001 | 1766310660069 | ||
| 003 | YourLibrary | ||
| 005 | 20251222104446.0 | ||
| 008 | 251221s2004##################000#0#eng## | ||
| 020 | _a9780521823937 | ||
| 082 | 0 | 4 |
_a264.01403 _bHEN |
| 100 | 1 |
_aHen, Yitzhak, _eauthor. |
|
| 245 | 1 | 0 | _aThe Bobbio Missal : |
| 260 |
_bCambridge University Press, _c2004. |
||
| 300 | _a252 pages | ||
| 650 | 0 | _aHistory. | |
| 942 | _cENGLISH | ||
| 040 |
_aYourLibrary _beng _cYourLibrary |
||
| 999 |
_c603510 _d603510 |
||